Word Ladder #2 - Statistics

General Stats
  • This quiz has been taken 25 times
  • The average score is 14 of 15
Answer Stats
Hint Answer % Correct
For example: Breakfast, Lunch, and Dinner Meal
100%
The top of a mountain Peak
100%
Birds ____ at worms or food, Wood____er Peck
100%
A clock goes tick, ___, tick, Tock
100%
Past tense of take Took
100%
A cruise or row____. Boat
96%
TV Show: Below ____: Down Under Deck
96%
Boats are moored at a ____ Dock
96%
The meat of young cattle Veal
96%
What is worn over the head at a wedding Veil
96%
Steady rhythm in music Beat
92%
For example: Ham or Roast Chicken Meat
88%
To make fun of, to bully Mock
88%
Type of shoe ____, or gum____. Boot
83%
A fart or elephant noise Toot
83%
No matching quizzes found
Score Distribution
Percent of People with Each Score
Percentile by Number Answered
Your Score History
You have not taken this quiz